000 01192nas a2200337 4500
001 BR2011003233
003 BR-BrBNA
005 20231205115350.0
007 ta
008 230509b bl.|||p| |||| 00| 00por d
040 _aBR-BrBNA
_bpor
_cBiblioteca Nacional de Agricultura
041 _a(Pt)
072 _aF01
100 1 _aPinto, J.E.B.P.
100 1 _aCardoso, J.C.W.
100 1 _aCastro, E.M. de
100 1 _aBertolucci, S.K.V.
100 1 _aMelo, L.A. de
100 1 _aDousseau, S.
245 1 _aAspectos morfofisiológicos e conteúdo de óleo essencial de plantas de alfazema-do-Brasil em função de níveis de sombreamento
246 1 _aMorphophysiological aspects and essential oil content in Brazilian-lavender as affected by shadowing
650 _aPLANTA MEDICINAL
650 _aÓLEO ESSENCIAL
650 _aRADIAÇÃO LUMINOSA
650 _aSOMBREAMENTO
650 _aVERBENACEAE
773 0 _tHorticultura Brasileira (Brazil)
_xISSN 0102-0536
_g(Apr-Jun 2007), v. 25(2) p. 201-214
_wBR2011003233
856 4 _uhttp://www.scielo.br/pdf/hb/v25n2/15.pdf
_yRecurso eletrônico (PDF)
909 _a202311
_bLúcia
_c55
_dLúcia Elande
942 _2AGRIS
_n0
_cANA
999 _c213419
_d213419